Teori & teknik ucapan berpengaruh

Bibliographic Details
Main Author: Abdullah Hassan
Format: Book
Published: Pahang : PTS Publications & Distributor Sdn Bhd , 2001
Subjects:

MARC

LEADER 00000cam a2200000 7i4500
001 0000052078
005 20150917.0
008 150917
020 |a 9832311128 
090 0 0 |a 302.2242   |b ABD 
100 0 |a Abdullah Hassan 
245 1 0 |a Teori & teknik ucapan berpengaruh   |c Abdullah Hassan 
260 |a Pahang :   |b PTS Publications & Distributor Sdn Bhd ,   |c 2001 
500 |a Includes 
650 0 |a Oral communications 
999 |a 0000893002   |b Book   |c Adult Collection   |e Cawangan Kota Tinggi 
999 |a 0000893003   |b Book   |c Adult Collection   |e Cawangan Muar